Zatepľujeme - staviame dom,chatu,chalupu 1

Guardado en:
Detalles Bibliográficos
Formato: Libro
Lenguaje:eslovaco
Publicado: Bratislava : T+E, 1992
Etiquetas: Agregar Etiqueta
Sin Etiquetas, Sea el primero en etiquetar este registro!

MARC

LEADER 00000nam a22000003a 4500
001 stu139999
005 20150408182400.0
008 070413s1992----cs------------------slo-d
020 |a 80-85691-00-0 
040 |a STU  |b slo 
041 0 |a slo 
044 |a cs 
080 |a 699.8 
245 |a Zatepľujeme - staviame dom,chatu,chalupu 1 
260 |a Bratislava :  |b T+E,  |c 1992 
300 |a 60 s.;schémy 
996 |b 284V027347  |c V*6893/K-1393a I  |l VVT  |s A  |a 24  |w stu139999_0002